5HLuxD.jpg

KING HENRY VIII SENIOR AND PRIMARY SCHOOL LIBRARY OPAC

Little Red Riding Hood / (Record no. 2340)

000 -LEADER
fixed length control field 01231pam a2200361 a 4500
001 - CONTROL NUMBER
control field 013741122
003 - CONTROL NUMBER IDENTIFIER
control field Uk
005 - DATE AND TIME OF LATEST TRANSACTION
control field 20230419114535.0
008 - FIXED-LENGTH DATA ELEMENTS--GENERAL INFORMATION
fixed length control field 070504s2007 enka j 000 1 eng d
015 ## - NATIONAL BIBLIOGRAPHY NUMBER
National bibliography number GBA735184
Source bnb
016 7# - NATIONAL BIBLIOGRAPHIC AGENCY CONTROL NUMBER
Record control number 013741122
Source Uk
020 ## - INTERNATIONAL STANDARD BOOK NUMBER
International Standard Book Number 9780746085325 (hbk.) :
040 ## - CATALOGING SOURCE
Original cataloging agency StDuBDS
Language of cataloging eng
Transcribing agency StDuBDS
Modifying agency Uk
-- KH8
042 ## - AUTHENTICATION CODE
Authentication code ukblcatcopy
082 04 - DEWEY DECIMAL CLASSIFICATION NUMBER
Classification number 823.92 DAV
Edition number 22
100 1# - MAIN ENTRY--PERSONAL NAME
Personal name Davidson, Susanna.
Relator term Author
245 10 - TITLE STATEMENT
Title Little Red Riding Hood /
Statement of responsibility, etc. retold by Susanna Davidson ; based on a story by the Brothers Grimm ; illustrated by Mike Gordon.
260 ## - PUBLICATION, DISTRIBUTION, ETC.
Place of publication, distribution, etc. London :
Name of publisher, distributor, etc. Usborne,
Date of publication, distribution, etc. 2007.
300 ## - PHYSICAL DESCRIPTION
Extent [24] p. :
Other physical details chiefly col. ill. ;
Dimensions 26 cm.
336 ## - CONTENT TYPE
Content type term text
Source rdacontent
337 ## - MEDIA TYPE
Media type term unmediated
Source rdamedia
338 ## - CARRIER TYPE
Carrier type term volume
Source rdacarrier
490 1# - SERIES STATEMENT
Series statement Usborne picture storybooks
500 ## - GENERAL NOTE
General note Formerly CIP.
Institution to which field applies Uk
650 #0 - SUBJECT ADDED ENTRY--TOPICAL TERM
Topical term or geographic name entry element Little Red Riding Hood (Tale)
Form subdivision Pictorial works
-- Juvenile fiction.
655 #7 - INDEX TERM--GENRE/FORM
Genre/form data or focus term Fairy tales.
Source of term gsafd
655 #7 - INDEX TERM--GENRE/FORM
Genre/form data or focus term Children's stories
Form subdivision Pictorial works.
Source of term gsafd
700 1# - ADDED ENTRY--PERSONAL NAME
Personal name Gordon, Mike,
Dates associated with a name 1948 March 16-
Relator term Illustrator
700 1# - ADDED ENTRY--PERSONAL NAME
Personal name Grimm, Jacob,
Dates associated with a name 1785-1863.
700 1# - ADDED ENTRY--PERSONAL NAME
Personal name Grimm, Wilhelm,
Dates associated with a name 1786-1859.
830 #0 - SERIES ADDED ENTRY--UNIFORM TITLE
Uniform title Usborne picture storybooks
942 ## - ADDED ENTRY ELEMENTS (KOHA)
Source of classification or shelving scheme
Koha item type Books - Fiction
Holdings
Withdrawn status Lost status Source of classification or shelving scheme Damaged status Not for loan Collection code Permanent Location Current Location Shelving location Date acquired Total Checkouts Full call number Barcode Date due Date last seen Date last checked out Price effective from Koha item type
          Fiction KH8 Primary School Library KH8 Primary School Library Non Fiction 2023-04-19 24 823.92 DAV KHPL000004089 2026-04-23 2026-04-15 2026-04-15 2023-04-19 Books - Fiction

Powered By KH8 IT Dept